zpět

Detail výsledku týmu

Garáž, Pardubice

Datum a čas kvízu

33 Celkem bodů Celkový počet nahraných bodů na tomto kvízu bez doplňovacích otázek.
3. Pořadí na kvízu Konečné umístění týmu na tomto kvízu.

Zaznamenané odpovědi

# Otázka Odpověď Body Výsledky
1. Minulou středu sněmovna schvál... Od roku 2027. 1
2. Ve švýcarském Curychu minulý t... čokoláda 0
3. Na rozdíl od dob socialismu se... Máša a medvěd 1
4. Cena Ig Nobel Prize, tedy jaká... helium 1
5. V minulém týdnu odstartoval no... Vítkovice a Litvínov 0.5
6. Po dějinách Ukrajiny, které js... Štěpán I. (Svatý) 0
7. Jak se nazývá město v jižním M... Moháč 0
8. V rámci Pařížské mírové konfer... Trianonská smlouva 0
9. Období mezi lety 1969–1989 v M... János Kádár 1
10. Napište šestipísmennou zkratku... Fidesz 0